01019 2200325 4500001002100000005001500021035002000036007000300056008004100059020002200100082001600122084001800138100002700156245011300183250003400296300004700330500001100377650003500388700003100423504003300454264003200487336002100519337003000540338002300570040002200593090002200615850001200637999002200649990002200671INLIS00000000090149120260114010924 a0010-0126000424ta260114s2025 yoia g 001 0 ind d a978-634-01-1606-904223a577.789 a577.789 ABD t0 aAbdul HarisePengarang10aTerumbu karang mesofotik :beksplorasi ekosistem laut dalam yang tersembunyi /cAbdul Haris; Nurjanna Nurdin aCetakan Pertama: Oktober 2025 axiv, 182 halaman :bgambar, tabel ;c23 cm aIndeks 4aTerumbu karang--xEkologi Laut0 aNurjanna NurdinePengarang aBibliografi: halaman 152-17431aSleman :bDeepublish,c2025 2rdacontentateks 2rdamediaatanpa perantara 2rdacarrieravolume aYOPDYOGbinderda aCB-D.11 2025-4166 aYOPDYOG aCB-D.11/2025-4166 aCB-D.11/2025-4166